000 nam a22 7a 4500
999 _c3654
_d3654
005 20170523144226.0
008 170523b1982 ny ||||| |||| 00| 0 eng d
020 _a0442286791(pbk.) :
_c$13.00 (est.)
040 _aAKMAL
082 _a690.8 STE
090 _a690.8
_bSTE
100 1 _aSterling, Raymond
_97229
245 1 0 _a Earth sheltered residential design manual /
_cUnderground Space Center, University of Minnesota ; prepared by Raymond Sterling, William T. Farnan, John Carmody ; prepared for U.S. Department of Housing and Urban Development, Office of Policy Development and Research.
260 _aNew York :
_b Van Nostrand Reinhold,
_cc1982
300 _a251 p. :
_b ill. ;
_c22 x 27 cm
500 _aIncludes index.
504 _aBibliography: p. 243-245.
650 0 _aEarth sheltered houses
_xDesign and construction
_97230
700 1 _aFarnan, William T.
_97231
700 1 _aCarmody, John.
_97232
710 2 _aUniversity of Minnesota.
_bUnderground Space Center
_97233
710 1 _aUnited States.
_bDepartment of Housing and Urban Development.
_bOffice of Policy Development and Research.
_97234
942 _2ddc
_cBOOK